| 000 | 01315cam a22002771 4500 | ||
|---|---|---|---|
| 001 | gs 18000406 | ||
| 003 | DLC | ||
| 005 | 20260227111323.0 | ||
| 008 | 920519s1918 ag 000 0 spa c | ||
| 010 | _ags 18000406 | ||
| 035 | _a(OCoLC)25841152 | ||
| 040 |
_aLibrary, U.S. Geological Survey _cCSt _dCSt _dDLC |
||
| 042 | _apremarc | ||
| 043 | _as-ag--- | ||
| 050 | 0 | 0 |
_aTN36 _b.A55 no. 10 |
| 051 |
_aKHA3929 _b.M668 1918 |
||
| 100 | 1 | _aMontes de Oca, Juan R. | |
| 245 | 1 | 0 |
_aResumen cronológico de leyes, decretos y resoluciones referentes a materia minera y a asuntos que se relacionan con las funciones de la Dirección general, _cpor Juan R. Montes de Oca ... Antecedentes legislativos y organización del Ramo de minas en la República, por el Ing. Carlos E. Velarde ... |
| 260 |
_aBuenos Aires, _bTalleres gráficos del Ministerio de agricultura de la nación, _c1918. |
||
| 300 |
_a98 p., 1 l. _c27 cm. |
||
| 490 | 0 |
_aArgentine Republic. Dirección general de minas, geología e hidrología. Boletín _vno. 10. Serie A (Minas) |
|
| 650 | 0 |
_aMining law _zArgentina. |
|
| 610 | 1 | 0 |
_aArgentina. _bDirección General de Minas y Geología. |
| 650 | 0 |
_aMines and mineral resources _zArgentina. |
|
| 700 | 1 | 2 |
_aVelarde, Carlos E. _tAntecedentes legislativos y organización del Ramo de minas en la República. |
| 999 |
_c25886 _d25886 |
||